000 00356nam a2200145Ia 4500
008 230917s9999||||xx |||||||||||||| ||und||
040 _e103834
_aMAIN
041 _aEnglish
082 _a791.430954 B51B
100 _aSharma, Suresh, Ed
245 0 _aBimal roy ka devdas
260 _aDelhi
_bRadha Krishan
_c2003
300 _axxvi,184 p.
942 _cBK
999 _c111226
_d111226